الفكر العربى و مركزه فى التاريخ (Record no. 14173)
[ view plain ]
| 000 -LEADER | |
|---|---|
| fixed length control field | 00880nam a22002057a 4500 |
| 008 - FIXED-LENGTH DATA ELEMENTS--GENERAL INFORMATION | |
| fixed length control field | 100623t xxu||||| |||| 00| 0 eng d |
| 082 04 - DEWEY DECIMAL CLASSIFICATION NUMBER | |
| Classification number | 189 |
| Item number | أ و ل |
| Edition number | 22 |
| 100 ## - MAIN ENTRY--PERSONAL NAME | |
| 9 (RLIN) | 15088 |
| Personal name | أوليرى،دى لاسى |
| 245 ## - TITLE STATEMENT | |
| Title | الفكر العربى و مركزه فى التاريخ |
| Statement of responsibility, etc | دى لاسى أوليرى ؛نقله إلى العربية و علق عليه إسماعيل البيطار |
| 260 ## - PUBLICATION, DISTRIBUTION, ETC. (IMPRINT) | |
| Place of publication, distribution, etc | بيروت: |
| Name of publisher, distributor, etc | دار الكتاب اللبنانى ، |
| Date of publication, distribution, etc | 1972. |
| 300 ## - PHYSICAL DESCRIPTION | |
| Extent | 279ص. |
| Dimensions | 24سم. |
| 500 ## - GENERAL NOTE | |
| General note | إهداء من الدكتور علاء عبد الغنى |
| 504 ## - BIBLIOGRAPHY, ETC. NOTE | |
| Bibliography, etc | يشتمل على كشاف تاريخى |
| 650 ## - SUBJECT ADDED ENTRY--TOPICAL TERM | |
| 9 (RLIN) | 15091 |
| Topical term or geographic name as entry element | تصوف اسلامى |
| Source of heading or term | BUEsh |
| 650 ## - SUBJECT ADDED ENTRY--TOPICAL TERM | |
| 9 (RLIN) | 15092 |
| Topical term or geographic name as entry element | ثقافة عربية |
| Source of heading or term | BUEsh |
| 650 ## - SUBJECT ADDED ENTRY--TOPICAL TERM | |
| 9 (RLIN) | 13618 |
| Topical term or geographic name as entry element | فلسفة اسلامية |
| Source of heading or term | BUEsh |
| 650 ## - SUBJECT ADDED ENTRY--TOPICAL TERM | |
| 9 (RLIN) | 15093 |
| Topical term or geographic name as entry element | فلسفة عقلية |
| Source of heading or term | BUEsh |
| 651 ## - SUBJECT ADDED ENTRY--GEOGRAPHIC NAME | |
| Source of heading or term | BUEsh |
| 942 ## - ADDED ENTRY ELEMENTS (KOHA) | |
| Source of classification or shelving scheme | Dewey Decimal Classification |
| Item type | Book - Borrowing |
| Withdrawn status | Item status | Source of classification or shelving scheme | Damaged status | Not for loan | Home library | Current library | Shelving location | Date acquired | Source of acquisition | Total Checkouts | Full call number | Barcode | Date last seen | Koha item type |
|---|---|---|---|---|---|---|---|---|---|---|---|---|---|---|
| Dewey Decimal Classification | Central Library | Central Library | Lower Floor | 23/06/2010 | Purchase | 189 أ و ل | 000020992 | 15/07/2025 | Book - Borrowing |